000 00418 a2200145 4500
999 _c11337
_d11337
003 OSt
005 20230320191118.0
008 230320b ||||| |||| 00| 0 eng d
020 _a9789383184514
100 _aAbin Design Studio
245 _aMaking Of a place: productive collision between a practice and a passionate community
260 _aAhmedabad
_bCEPT University press
_c2022
300 _a276p;.
942 _2ddc